000 00957cam a22002774a 4500
001 14091732
005 20180118070438.0
008 050829s2006 maua b 001 0 eng
010 _a 2005025299
016 7 _a101256063
_2DNLM
020 _a0763735949
035 _a(OCoLC)ocm61404518
040 _aDNLM/DLC
_cDLC
_dYDX
_dNLM
_dBAKER
_dIXA
_dDLC
041 _aeng
042 _apcc
060 0 0 _aWT 500
_bC5577 2006
080 _a616..044 LUB
082 0 0 _a616..044 LUB
_222
100 _a3
101 _aSHM
245 0 0 _aChronic illness :
_c[edited by] Ilene Morof Lubkin and Pamala D. Larsen.
504 _aIncludes bibliographical references.
906 _a7
_bcbc
_corignew
_d1
_eecip
_f20
_gy-gencatlg
942 _2ddc
_cBK
999 _c40470
_d40470